Mein unehin chherun aur vo kucch na kahen gazal part 1 (Record no. 43167)

MARC details
000 -LEADER
fixed length control field 01184njm a22002777a 4500
005 - DATE AND TIME OF LATEST TRANSACTION
control field 20100830154157.0
007 - PHYSICAL DESCRIPTION FIXED FIELD--GENERAL INFORMATION
fixed length control field sd ammalaaahaa
008 - FIXED-LENGTH DATA ELEMENTS--GENERAL INFORMATION
fixed length control field 100830t xxu||||| |||| 00| 0 eng d
028 ## - PUBLISHER NUMBER
Publisher number H.1266
Source Hinduthan Record
028 ## - PUBLISHER NUMBER
Publisher number HSB.2484
Source Hindusthan Record
028 ## - PUBLISHER NUMBER
Publisher number HSB.2499
Source Hindusthan Record
035 ## - SYSTEM CONTROL NUMBER
System control number GR-00075
040 ## - CATALOGING SOURCE
Original cataloging agency SED/VEN
100 ## - MAIN ENTRY--PERSONAL NAME
Personal name Saigal, K. L.
9 (RLIN) 17758
245 ## - TITLE STATEMENT
Title Mein unehin chherun aur vo kucch na kahen gazal part 1
Statement of responsibility, etc by K. L. Saigal; Comp by Seemab Akberabadi
Medium [sound recording] :
246 ## - VARYING FORM OF TITLE
Title proper/short title मैं उन्हें छेरूं और वो कुछ न कहें (क. ल. सैगल)
260 ## - PUBLICATION, DISTRIBUTION, ETC. (IMPRINT)
Place of publication, distribution, etc Dum Dum India
Name of publisher, distributor, etc Hindusthan Record
300 ## - PHYSICAL DESCRIPTION
Extent 1 sound disc [ gramophone record]
Other physical details analog, 33 /3 rpm
Dimensions 10 in
Type of unit Gramophone Record
500 ## - GENERAL NOTE
General note Brief record.
505 ## - FORMATTED CONTENTS NOTE
Formatted contents note Ab kya batayaun mein (अब क्या बताऊँ मैं) पार्ट 2
650 ## - SUBJECT ADDED ENTRY--TOPICAL TERM
Topical term or geographic name as entry element Classical music
General subdivision Excerpts
Geographic subdivision India
9 (RLIN) 17759
700 ## - ADDED ENTRY--PERSONAL NAME
Personal name Seemab Akberabadi
9 (RLIN) 17580
700 ## - ADDED ENTRY--PERSONAL NAME
Personal name Seemab Akberabadi
9 (RLIN) 17581
942 ## - ADDED ENTRY ELEMENTS (KOHA)
Source of classification or shelving scheme Dewey Decimal Classification
Item type Gramaphone Records
Holdings
Withdrawn status Lost status Source of classification or shelving scheme Damaged status Not for loan Home library Current library Date acquired Total Checkouts Barcode Date last seen Price effective from Koha item type
    Dewey Decimal Classification     Central Library Central Library 31/08/2010   GR-00075 31/08/2010 31/08/2010 Gramaphone Records

© Delhi Public Library
Hit Counter
free hit counter